Pokladničné poukážky a ich oceňovanie

Pokladničné poukážky - krátkodobé, dlhové cenné papiere založené na diskonte. Emitentom býva štát alebo centrálna banka. Typy štátnych pokladničných poukážok v USA. Pokladničné poukážky na slovenskom peňažnom trhu možno členiť z hľadiska emitenta na štátne pokladničné poukážky a pokladničné poukážky...

Ausführliche Beschreibung

Gespeichert in:
Bibliographische Detailangaben
1. Verfasser: Hrvoľová, Božena
Format: Buchkapitel
Sprache:Slowakisch
Schlagworte:
Tags: Tag hinzufügen
Keine Tags, Fügen Sie das erste Tag hinzu!

MARC

LEADER 00000naa a2200000 4500
001 r045274
005 20221128120722.7
041 0 |a slo 
044 |a SK 
245 1 0 |a Pokladničné poukážky a ich oceňovanie  |c Božena Hrvoľová 
520 |a Pokladničné poukážky - krátkodobé, dlhové cenné papiere založené na diskonte. Emitentom býva štát alebo centrálna banka. Typy štátnych pokladničných poukážok v USA. Pokladničné poukážky na slovenskom peňažnom trhu možno členiť z hľadiska emitenta na štátne pokladničné poukážky a pokladničné poukážky NBS. Prístupy k oceňovaniu pokladničných poukážok. Príklady. 
610 2 0 |a poukážky pokladničné 
610 2 0 |a oceňovanie 
610 2 0 |a papiere cenné 
610 2 0 |a USA 
610 2 0 |a Slovensko 
610 2 0 |a NBS Bratislava 
610 2 0 |a diskont 
100 1 |a Hrvoľová, Božena